| 000 | 00642cam a2200253 4500 | ||
|---|---|---|---|
| 008 | 090401t1996 xxu||||| |||| 00| 0 eng d | ||
| 020 | _a1860810292 | ||
| 035 | _a(Sirsi) u59083 | ||
| 041 | _aeng | ||
| 050 | _a690 | ||
| 110 | _aBuilding Research Establishment | ||
| 245 | _aJoist hangers. | ||
| 250 | _aRevised ed. | ||
| 260 |
_aGarston, Watford _bBuilding Research Establishment _c1996 |
||
| 300 | _a8p. : ill. ; 30cm. | ||
| 350 | _a0 | ||
| 490 |
_aGood Building Guide _v21 |
||
| 650 | _aJOIST HANGERS | ||
| 650 | _aJOISTS | ||
| 650 | _aMASONRY HANGERS | ||
| 690 | _aBUILT ENVIRONMENT | ||
| 942 | _n0 | ||
| 948 | _c04/03/1997 | ||
| 999 |
_c94126 _d94126 |
||